000 00509nam a22001817a 4500
005 20251108174613.0
008 250721s2001 xx 000 0 ara d
082 1 4 _a216.23/زقز
100 1 _aزقزوق، حامد علي
_eمؤلف
245 1 0 _aالمائدة الرمضانية /
264 1 _aالمنصورة :
_bمكتبة الايمان،
_c2001.
300 _a144ص.
650 1 7 _aالاسلام
650 1 7 _aالصوم
650 1 7 _aالعبادات
942 _2ddc
_cBK
999 _c113340
_d113340